000 00590nam a2200181Ia 4500
008 100917s9999 xx 000 0 und d
082 _b53581
100 _aकेळकर न. चिं.
245 _aग्यारिबाली (आवृती 3री)
260 _bवि. गं. केतकर
_c1942
300 _a144
365 _b1.5
520 _aचरित्र
630 _aग्यारिबाली (आवृती 3री)
650 _aचरित्र
730 _aग्यारिबाली (आवृती 3री)
942 _cBOOK
999 _c658975
_d658972